00319nam a2200145Ia 45000030006000000050017000060080041000230400009000640410012000730820017000851000019001022450031001212600013001523000008001650Nust20170105110255.0161124s9999 xx 000 0 und d cIGIS aEnglish a823.912bWoo aVirginia Woolf aTo the Lighthouse Virginia aPakistan a306